Devinez le Département Mystère #49 - Statistiques

Statistiques générales
  • Ce quiz a été pris 200 fois
  • Le résultat moyen est 27 sur 32
Statistiques - réponses
Type de Réponse Réponse % Correct
Lettre de l'Alphabet R
100%
Lettre Trouvée E
99%
Lettre Trouvée I
98%
Lettre Trouvée N
98%
Lettre de l'Alphabet O
98%
Lettre Trouvée A
96%
Lettre de l'Alphabet D
96%
Lettre de l'Alphabet L
96%
Lettre Bien Placée E
95%
Lettre Trouvée S
95%
Lettre de l'Alphabet H
91%
Lettre de l'Alphabet M
91%
Lettre de l'Alphabet T
91%
Lettre de l'Alphabet U
90%
Lettre de l'Alphabet V
87%
Lettre de l'Alphabet C
86%
Lettre de l'Alphabet B
81%
Lettre Bien Placée N
81%
Lettre de l'Alphabet G
80%
Lettre de l'Alphabet Y
80%
Lettre de l'Alphabet F
76%
Lettre de l'Alphabet P
76%
Lettre de l'Alphabet Z
72%
Lettre de l'Alphabet J
71%
Lettre de l'Alphabet Q
70%
Lettre Bien Placée A
68%
Département Mystère Aisne
68%
Lettre Bien Placée I
68%
Lettre de l'Alphabet K
68%
Lettre Bien Placée S
68%
Lettre de l'Alphabet W
68%
Lettre de l'Alphabet X
68%
Aucun quiz correspondant
Distribution des résultats
% des personnes avec chaque résultat
Percentile par nombre de réponses
Votre historique - résultats
Vous n’avez pas pris ce quiz